000 00560nam a2200169Ii 4500
020 _a0522840701
040 _cLDL
082 _a595 MEL 1974 A080 Or.
245 0 4 _aThe insects of Australia :
_ba textbook for student and research workers. Supplement 1974 /
260 _aCarlton, Aust. :
_bMelbourne University Press,
_c1974
300 _aviii, 146 p. :
_bill. ;
_c25 cm
500 _aIncludes index
500 _aISBN 0-522-84070-1
650 0 _aInsects
710 1 1 _aCommonwealth Scientific and Industrial Research Organization (Australia).
942 _cEK
999 _c15789
_d15789